000 00836cam a2200217 4500
001 ABS62359
008 000000n2000 000 0 eng u
035 _a(Sirsi) u106044
100 _aPugh-Smith, J.
245 _aRecent developments in planning law
260 _c2000
490 _aJournal of Planning and Environment Law
_vMay 2000, 456-468(13)
520 _aAttempts to review the main planning issues considered by the courts during 1999. Covers the acceptability and content of planning applications, rival developer challenges, affordable housing agreements and development plan challenges.
590 _aABS
650 _aPLANNING APPLICATIONS
650 _aENVIRONMENTAL ASSESSMENT
650 _aPLANNING PERMISSION
650 _aLOCAL DEVELOPMENT PLANS
690 _aPlanning and development
_96259
942 _n0
999 _c63516
_d63516